| 000 | 00728nam a2200265Ia 4500 | ||
|---|---|---|---|
| 003 | OSt | ||
| 005 | 20221006160301.0 | ||
| 006 | a|||||r|||| 00| 0 | ||
| 007 | ta | ||
| 008 | 221006b |||||||| |||| 00| 0 eng d | ||
| 020 |
_a9781935210320 _c _16.00 |
||
| 024 | _a44,824 | ||
| 037 |
_bGift, Window on Korea _cTextual |
||
| 040 |
_aEASL _cEASL _beng |
||
| 041 |
_2eng _aeng |
||
| 082 | _aO495,1N33x, Q2 | ||
| 100 |
_aUn Ko _9672488 |
||
| 245 | 0 | _aThis side of time | |
| 260 |
_aNY _bWhite Pine Press _c2012 |
||
| 300 |
_a101p. _ccm. |
||
| 490 |
_v KEL _aKorean voices series, Vol.16 |
||
| 650 | _aKEL | ||
| 942 |
_hO495,1N33x, Q2 _cTEXL _2CC |
||
| 999 |
_c1112916 _d1112916 |
||